Landslide stabilisation for bridge foundations

Salvato in:
Dettagli Bibliografici
Autore principale: Kudriashov, Valerii (Autore)
Altri autori: Frankovská, Jana (Relatore della tesi)
Natura: Manoscritto Libro
Lingua:slovacco
inglese
Pubblicazione: 2022
Soggetti:
Accesso online:http://is.stuba.sk/zp/portal_zp.pl?podrobnosti=162264
https://opac.crzp.sk/?fn=detailBiblioForm&sid=D9F0BB0A8DA9926981A392D31B33
Tags: Aggiungi Tag
Nessun Tag, puoi essere il primo ad aggiungerne!!

MARC

LEADER 00000ntm a22000003a 4500
001 stuzp90461
003 SK-STU
005 20230509084250.0
007 ta
008 150427s2015----xo-----f-mn---000-0-slo-d
040 |a STU  |b slo 
041 0 |a eng 
100 1 |a Kudriashov, Valerii  |u 010150  |4 aut  |U SvF Stavebná fakulta  |T SvF Katedra geotechniky  |X 110478  |U V150  |Y 15  |7 110478 
242 0 1 |a Stabilizácia zosuvu pre základy mostov  |y slo 
245 1 0 |a Landslide stabilisation for bridge foundations 
260 |c 2022 
650 4 |a zosuv pôdy  |2 slo 
650 4 |a protišmyková pilóta  |2 slo 
650 4 |a stabilita svahu  |2 slo 
650 4 |a most  |2 slo 
650 4 |a bridge  |2 eng 
650 4 |a landslide  |2 eng 
650 4 |a slope stability  |2 eng 
650 4 |a anti-slide pile  |2 eng 
700 1 |a Frankovská, Jana  |u 010150  |k Z1  |4 ths  |U SvF Stavebná fakulta  |T SvF Katedra geotechniky  |X 3849  |U V150  |Y 15  |7 A000003849 
856 4 |u http://is.stuba.sk/zp/portal_zp.pl?podrobnosti=162264 
856 4 |u https://opac.crzp.sk/?fn=detailBiblioForm&sid=D9F0BB0A8DA9926981A392D31B33